01211nam a2200301Ia 4500001001200000003000800012006001900020007001500039008004100054010001700095020004300112040002100155035002100176050002400197082001700221100004700238245008700285260005900372300001700431504005100448533015200499650002400651650003300675650002900708655002900737710001700766856012600783ebr10395144CaPaEBRm u cr cn|||||||||091027s2010 kyu sb s001 0 eng d z 2009045426 z9780813125718 (hardcover : alk. paper) aCaPaEBRcCaPaEBR a(OCoLC)64606867614aHM1271b.D37 2010eb04a305.80012221 aDallmayr, Fred R.q(Fred Reinhard),d1928-10aIntegral pluralismh[electronic resource] :bbeyond culture wars /cFred Dallmayr. aLexington, KY :bUniversity Press of Kentucky,cc2010. axiii, 231 p. aIncludes bibliographical references and index. aElectronic reproduction.bPalo Alto, Calif. :cebrary,d2010.nAvailable via World Wide Web.nAccess may be limited to ebrary affiliated libraries. 0aCultural pluralism. 0aIntercultural communication. 0aPhilosophy, Comparative. 7aElectronic books.2local2 aebrary, Inc.40uhttp://site.ebrary.com/lib/rucke/Doc?id=10395144zAn electronic book accessible through the World Wide Web; click to view